[Event "Championnat de France - Open C"]
[Site "Nimes"]
[Date "2009.08.20"]
[Round "9.1"]
[White "Romero, Vladimir"]
[Black "Baroudel, Hadrien"]
[Result "1-0"]
[WhiteElo "1730"]
[BlackElo "1709"]
[PlyCount "103"]

1. e4 e5 2. f4 exf4 3. Nf3 h6 4. Bc4 g5 5. O-O d6 6. d4 Bg7 7. Nc3 Ne7 8. g3 g4
9. Nh4 f3 10. h3 h5 11. Be3 O-O 12. Nxf3 gxf3 13. Qxf3 Be6 14. Bxe6 fxe6 15.
Qxh5 Nd7 16. Qg4 Nf6 17. Qxe6+ Kh8 18. Bg5 Nfg8 19. Nd5 Qc8 20. Qxc8 Rxf1+ 21.
Kxf1 Nxc8 22. Nxc7 Rb8 23. Ne6 Nce7 24. Nxg7 Kxg7 25. Bxe7 Nxe7 26. c3 d5 27.
exd5 Rf8+ 28. Kg2 Nxd5 29. Re1 Rf7 30. Re5 Nb6 31. b3 Rc7 32. c4 Rf7 33. g4 Nd7
34. Re2 Kg6 35. Kg3 Nf6 36. Re6 Rd7 37. d5 b5 38. h4 Kf7 39. Kf4 bxc4 40. bxc4
Rb7 41. Kf5 Ng8 42. h5 Ne7+ 43. Ke5 Rb2 44. Kd6 Rb6+ 45. Kd7 Rb7+ 46. Kd8 Rb8+
47. Kc7 Rb4 48. Rxe7+ Kxe7 49. d6+ Ke6 50. c5 Rxg4 51. d7 Rg7 52. c6 1-0

[Event "Championnat de France - Open C"]
[Site "Nimes"]
[Date "2009.08.20"]
[Round "9.2"]
[White "Careil, Maxime"]
[Black "Macon, Arthur"]
[Result "1-0"]
[WhiteElo "1639"]
[BlackElo "1791"]
[PlyCount "83"]

1. e4 c5 2. Nf3 d6 3. d4 cxd4 4. Nxd4 Nf6 5. Nc3 a6 6. Be2 e6 7. O-O Be7 8. f4
Nbd7 9. Be3 O-O 10. a4 Qc7 11. Kh1 b6 12. Bf3 Bb7 13. Re1 Rac8 14. Rc1 Qb8 15.
Qe2 Qa8 16. Bf2 Rfd8 17. Nb3 Bf8 18. Rcd1 g6 19. Rd3 Ne8 20. Bh4 f6 21. Bg4 Ng7
22. e5 dxe5 23. fxe5 Nf5 24. Bxf5 exf5 25. e6 Rc4 26. Rxd7 Rxh4 27. Rxd8 Qxd8
28. e7 Bxe7 29. Qxe7 Bxg2+ 30. Kxg2 Qa8+ 31. Kf2 Rxh2+ 32. Ke3 Rh3+ 33. Kd2 Qf8
34. Qxf8+ Kxf8 35. Nd5 f4 36. Nd4 g5 37. Re7 Rh6 38. Ne6+ Kg8 39. Rg7+ Kh8 40.
Ne7 Rh2+ 41. Kc3 Rh3+ 42. Kd4 1-0

[Event "Championnat de France - Open C"]
[Site "Nimes"]
[Date "2009.08.20"]
[Round "9.3"]
[White "Aumont, Alexandre"]
[Black "Cepisul, Desire"]
[Result "1-0"]
[WhiteElo "1722"]
[BlackElo "1755"]
[PlyCount "153"]

1. f4 d5 2. Nf3 e6 3. e3 Nf6 4. b3 c5 5. Bb2 Be7 6. Be2 Nc6 7. Bb5 a6 8. Bxc6+
bxc6 9. O-O O-O 10. d3 Qb6 11. c4 Bb7 12. Nc3 Rad8 13. Qe2 Rfe8 14. Rac1 Qc7
15. Na4 Nd7 16. Ne5 f6 17. Nxd7 Qxd7 18. Ba3 dxc4 19. dxc4 Qd2 20. Rc2 Qa5 21.
Qe1 Qc7 22. Bxc5 Bxc5 23. Nxc5 Qb6 24. Nxb7 Qxb7 25. Rd2 Qb6 26. Rff2 Qa5 27.
Kf1 Qh5 28. h3 e5 29. Qe2 Qg6 30. f5 Qg3 31. Qf3 Qg5 32. Qd1 Ra8 33. Rf3 Qh4
34. Rd6 Qe4 35. Ke2 Rac8 36. Rd7 a5 37. Rg3 g5 38. fxg6 hxg6 39. Qd3 Qxd3+ 40.
Rxd3 Kh7 41. e4 a4 42. Rgf3 Re6 43. Rd7+ Kh6 44. b4 Rf8 45. Rfd3 f5 46. exf5
gxf5 47. Ra7 Rg8 48. Kf1 e4 49. Rd2 e3 50. Re2 f4 51. Rxa4 Rd6 52. Ra6 f3 53.
gxf3 Rg3 54. Rxe3 Rxh3 55. Kg2 Rh5 56. Re4 Rg5+ 57. Kf2 Rd2+ 58. Ke3 Rd6 59. b5
Rgg6 60. bxc6 Rxc6 61. Rxc6 Rxc6 62. Kd4 Rd6+ 63. Kc3 Ra6 64. Re2 Kg5 65. Kb4
Kf4 66. Kb5 Ra3 67. c5 Kxf3 68. Re8 Rxa2 69. c6 Rb2+ 70. Ka6 Rc2 71. Kb7 Rb2+
72. Kc8 Kf4 73. c7 Kf5 74. Re1 Rc2 75. Rb1 Ke6 76. Kb8 Kd7 77. Rd1+ 1-0

[Event "Championnat de France - Open C"]
[Site "Nimes"]
[Date "2009.08.20"]
[Round "9.4"]
[White "Gagnepain, Laurent"]
[Black "Pouchon, Joffrey"]
[Result "0-1"]
[WhiteElo "1726"]
[BlackElo "1798"]
[PlyCount "86"]

1. d4 Nf6 2. Nf3 e6 3. c4 d5 4. cxd5 exd5 5. Nc3 c6 6. Bg5 Be7 7. Qc2 Bg4 8.
Ne5 Bh5 9. e3 Nbd7 10. Nxd7 Qxd7 11. Bxf6 Bxf6 12. Bd3 Bg6 13. h3 O-O 14. O-O
Rfe8 15. b4 Rac8 16. a4 Qd6 17. Rab1 Rc7 18. Bxg6 hxg6 19. Rfc1 Rec8 20. a5 Qd8
21. Na4 Be7 22. Rb3 f5 23. Rcb1 Bd6 24. Nc5 Re7 25. Qd3 a6 26. Rc3 Qf8 27. Rbc1
Qf6 28. Qd2 Rce8 29. Nxa6 bxa6 30. Rxc6 f4 31. Qa2 fxe3 32. Qxd5+ Kh7 33. fxe3
Rd8 34. Kh1 Rxe3 35. Rxa6 Qf4 36. Rxd6 Rxd6 37. Qb7 Rxh3+ 38. gxh3 Qxc1+ 39.
Kh2 Qf4+ 40. Kg1 Rxd4 41. a6 Rd1+ 42. Kg2 Rd2+ 43. Kg1 Qf2+ 0-1

[Event "Championnat de France - Open C"]
[Site "Nimes"]
[Date "2009.08.20"]
[Round "9.5"]
[White "Cepisul, Kenny"]
[Black "Julien, Clement"]
[Result "1/2-1/2"]
[WhiteElo "1720"]
[BlackElo "1770"]
[PlyCount "84"]

1. d4 d5 2. c4 e6 3. Nc3 Nf6 4. Bg5 Nbd7 5. Nf3 c6 6. e3 Qa5 7. Nd2 Ne4 8.
Ndxe4 dxe4 9. Bf4 Bb4 10. Qc2 O-O 11. Be2 e5 12. dxe5 Nxe5 13. O-O Bxc3 14.
Qxc3 Qxc3 15. bxc3 Nd3 16. Bxd3 exd3 17. Rfd1 Rd8 18. Rd2 Be6 19. c5 Bc4 20.
Rb1 b6 21. cxb6 axb6 22. e4 b5 23. Ra1 Ra3 24. Be5 c5 25. Rc1 Rda8 26. f3 Rxa2
27. Rcd1 Rc2 28. Kf2 Bb3 29. Ke3 c4 30. Rxc2 dxc2 31. Rc1 f6 32. Bd4 Kf7 33. f4
Ra2 34. e5 Rb2 35. Ke4 Rb1 36. Be3 Ba4 37. Kd5 fxe5 38. fxe5 b4 39. cxb4 Rxb4
40. e6+ Kg6 41. e7 Rb5+ 42. Bc5 Rb8 1/2-1/2

[Event "Championnat de France - Open C"]
[Site "Nimes"]
[Date "2009.08.20"]
[Round "9.6"]
[White "Lancelot, Renaud"]
[Black "Testa, Stephane"]
[Result "1-0"]
[WhiteElo "1710"]
[BlackElo "1761"]
[PlyCount "107"]

1. d4 d5 2. c4 c6 3. Nc3 e6 4. Nf3 f5 5. Bg5 Be7 6. Bxe7 Qxe7 7. c5 Nf6 8. e3
O-O 9. Ne5 Nbd7 10. f4 Nxe5 11. fxe5 Ne4 12. Nxe4 fxe4 13. Qc2 Qh4+ 14. g3 Qg5
15. Qd2 Rf3 16. Be2 Rf7 17. O-O-O b6 18. cxb6 axb6 19. Kb1 c5 20. Rhf1 Rfa7 21.
a3 c4 22. Rf4 Qe7 23. Rdf1 Bd7 24. Bh5 g6 25. Bg4 Re8 26. Qf2 Bc8 27. h4 c3 28.
bxc3 Qxa3 29. Qb2 Qa4 30. Kc1 Ba6 31. R1f2 Bd3 32. Kd2 Qc4 33. Ke1 Rc7 34. Qxb6
Qxc3+ 35. Rd2 Qc1+ 36. Bd1 Rf8 37. Qxe6+ Rcf7 38. Qxd5 Kg7 39. e6 Rxf4 40. gxf4
Qc8 41. Rxd3 exd3 42. Qd7+ Qxd7 43. exd7 Kf6 44. Bg4 Ke7 45. Kd2 Ra8 46. Kxd3
Ra1 47. f5 Rf1 48. Ke2 gxf5 49. Kxf1 fxg4 50. h5 Kxd7 51. Kg2 Ke6 52. Kg3 Kf5
53. d5 Kg5 54. d6 1-0

[Event "Championnat de France - Open C"]
[Site "Nimes"]
[Date "2009.08.20"]
[Round "9.7"]
[White "Lemaire, Olivier"]
[Black "Lagache, Yves"]
[Result "1/2-1/2"]
[WhiteElo "1710"]
[BlackElo "1734"]
[PlyCount "85"]

1. d4 Nf6 2. Nf3 g6 3. Bg5 Bg7 4. e3 c5 5. c3 Ne4 6. Bf4 Qa5 7. Qc2 d5 8. Nbd2
Nxd2 9. Nxd2 Bf5 10. Qb3 cxd4 11. exd4 b6 12. Qb5+ Qxb5 13. Bxb5+ Bd7 14. Bxd7+
Nxd7 15. O-O O-O 16. Rfe1 e6 17. Re2 Rfc8 18. a4 a6 19. Kf1 b5 20. axb5 axb5
21. Rxa8 Rxa8 22. Nb3 Bf8 23. f3 b4 24. Nc1 bxc3 25. bxc3 Ra1 26. Kf2 Nb6 27.
Nd3 Na4 28. Rc2 Ra3 29. Bd2 Bd6 30. h3 Bc7 31. Nc1 Ba5 32. Ra2 Rxa2 33. Nxa2
Nb2 34. Ke2 f6 35. Nc1 Kf7 36. Nb3 Bb6 37. Bc1 Nc4 38. Kd3 Ke7 39. Nd2 Na5 40.
Ba3+ Kd7 41. c4 dxc4+ 42. Nxc4 Kc6 43. Nxa5+ 1/2-1/2

[Event "Championnat de France - Open C"]
[Site "Nimes"]
[Date "2009.08.20"]
[Round "9.8"]
[White "Heng, Jim"]
[Black "Salgues, Michel"]
[Result "1-0"]
[WhiteElo "1675"]
[BlackElo "1733"]
[PlyCount "46"]

1. e4 e5 2. Nf3 Nc6 3. d4 exd4 4. Nxd4 Bc5 5. Be3 Bxd4 6. Bxd4 Nxd4 7. Qxd4 Nf6
8. Nc3 O-O 9. O-O-O d6 10. f4 Qe7 11. Bd3 c5 12. Qe3 d5 13. Qe1 d4 14. Nd5 Nxd5
15. exd5 Qc7 16. Qe5 Qa5 17. Kb1 Bg4 18. Rde1 Bd7 19. Qh5 g6 20. Qh6 Rfe8 21.
Qh4 Qd8 22. Qf2 f5 23. g4 c4 1-0

[Event "Championnat de France - Open C"]
[Site "Nimes"]
[Date "2009.08.20"]
[Round "9.9"]
[White "Poulaud, Maxime"]
[Black "Dell'Unto, Anthony"]
[Result "0-1"]
[WhiteElo "1537"]
[BlackElo "1730"]
[PlyCount "93"]

1. e4 d6 2. d4 Nf6 3. Nc3 Nbd7 4. Bc4 e5 5. Be3 Be7 6. f3 c6 7. a4 O-O 8. Nge2
Re8 9. Qd2 exd4 10. Bxd4 Ne5 11. Bb3 Bf8 12. O-O-O Qa5 13. Nf4 a6 14. Qe3 Nfd7
15. g4 b5 16. h4 c5 17. Bxe5 Nxe5 18. Bd5 Rb8 19. axb5 Qa1+ 20. Kd2 Qxb2 21.
Rb1 Qa3 22. b6 Be6 23. Qe2 g6 24. Rb3 Qa5 25. Rhb1 Bg7 26. R1b2 c4 27. Rb4 Qc5
28. Nxe6 fxe6 29. Bxc4 Rxb6 30. Na4 Qd4+ 31. Kc1 Nxc4 32. Qxc4 Qxc4 33. Rxc4
Bxb2+ 34. Nxb2 Reb8 35. Nd3 a5 36. Ra4 Rb1+ 37. Kd2 Re8 38. Ke3 Rh1 39. Nf4 e5
40. Ng2 Rg1 41. Kf2 Rc1 42. c4 Rc2+ 43. Kg3 Kf7 44. Ne3 Rb2 45. Nd5 Ra8 46. g5
Kg7 47. Kh3 0-1

[Event "Championnat de France - Open C"]
[Site "Nimes"]
[Date "2009.08.20"]
[Round "9.10"]
[White "Malassagne, Jerome"]
[Black "Timmermans, Eric"]
[Result "0-1"]
[WhiteElo "1710"]
[BlackElo "1784"]
[PlyCount "60"]

1. d4 Nf6 2. c4 e6 3. Nf3 b6 4. g3 Bb7 5. Bg2 c5 6. dxc5 Bxc5 7. O-O O-O 8. Nc3
Na6 9. Bg5 Be7 10. Rc1 h6 11. Bf4 Nc7 12. Qd2 Rc8 13. Rfd1 d5 14. cxd5 Ncxd5
15. Nxd5 Nxd5 16. Be5 Rxc1 17. Qxc1 Qa8 18. Qb1 Bf6 19. Bxf6 Nxf6 20. Ne1 Bxg2
21. Nxg2 Rd8 22. Ne1 Rd5 23. f3 Qd8 24. Rxd5 Qxd5 25. b3 Qd4+ 26. Kg2 Nd5 27.
Kh3 Qg1 28. Kg4 Ne3+ 29. Kf4 Ng2+ 30. Ke4 Qe3# 0-1

[Event "Championnat de France - Open C"]
[Site "Nimes"]
[Date "2009.08.22"]
[Round "10.1"]
[White "Aumont, Alexandre"]
[Black "Romero, Vladimir"]
[Result "1-0"]
[WhiteElo "1722"]
[BlackElo "1730"]
[PlyCount "143"]

1. f4 d5 2. Nf3 g6 3. g3 Bg7 4. Bg2 Nf6 5. O-O O-O 6. d3 b6 7. c3 Bb7 8. Qc2 c5
9. Na3 Nc6 10. e4 d4 11. c4 Nb4 12. Qd1 Ng4 13. Nc2 Nxc2 14. Qxc2 Nf6 15. Ng5
h6 16. Nh3 Ng4 17. Qe2 Ne3 18. Bxe3 dxe3 19. e5 Bxg2 20. Kxg2 Qd4 21. Ng1 Rfd8
22. Rad1 b5 23. Nf3 Qd7 24. Qxe3 Rac8 25. Qe2 f6 26. b3 b4 27. Qe4 f5 28. Qe3
Qb7 29. Kf2 Qa6 30. Rd2 Rd7 31. Rfd1 Qa5 32. d4 cxd4 33. Nxd4 Rcd8 34. Ke1 Qb6
35. Nc2 Rxd2 36. Rxd2 Qxe3+ 37. Nxe3 Rxd2 38. Kxd2 e6 39. Nc2 Bf8 40. Kd3 Bc5
41. Nd4 Kf7 42. h3 h5 43. Ne2 Ke7 44. Kd2 Kd7 45. Ke1 Kc6 46. Kf1 a5 47. Kg2 a4
48. Kf3 axb3 49. axb3 Bb6 50. Nc1 Bd4 51. Nd3 Bc3 52. g4 h4 53. Ke2 Kb6 54. Ne1
Bxe1 55. Kxe1 Kc5 56. Ke2 Kd4 57. Kf3 Kc5 58. Ke3 Kc6 59. Kd4 Kb6 60. c5+ Kb5
61. c6 Kxc6 62. Kc4 Kb7 63. Kb5 Kc7 64. Kc5 Kd7 65. Kb6 Kd8 66. Kc6 Ke7 67. Kc7
Ke8 68. Kd6 Kf7 69. Kd7 Kg7 70. Kxe6 Kh8 71. Kd7 Kh7 72. e6 1-0

[Event "Championnat de France - Open C"]
[Site "Nimes"]
[Date "2009.08.22"]
[Round "10.2"]
[White "Macon, Arthur"]
[Black "Lancelot, Renaud"]
[Result "0-1"]
[WhiteElo "1791"]
[BlackElo "1710"]
[PlyCount "78"]

1. d4 d5 2. c4 c6 3. Nf3 Nf6 4. Nc3 e6 5. Bg5 Be7 6. e3 O-O 7. Bd3 a6 8. Qc2 h6
9. Bh4 b5 10. cxb5 cxb5 11. O-O Nbd7 12. Rac1 Bb7 13. a4 b4 14. Nb1 Rc8 15. Qe2
Qb6 16. Ne5 Bd6 17. Nxd7 Nxd7 18. Nd2 Rxc1 19. Rxc1 Rc8 20. Rxc8+ Bxc8 21. Nb3
a5 22. Qc2 Ba6 23. Bxa6 Qxa6 24. Bd8 Nb6 25. Nc5 Bxc5 26. dxc5 Qc4 27. Qxc4
Nxc4 28. b3 Kf8 29. Bc7 f6 30. Kf1 Nd2+ 31. Ke2 Nxb3 32. Bd6+ Ke8 33. Kd1 d4
34. Kc2 Na1+ 35. Kd2 b3 36. Kc1 d3 37. c6 d2+ 38. Kxd2 b2 39. c7 Kd7 0-1

[Event "Championnat de France - Open C"]
[Site "Nimes"]
[Date "2009.08.22"]
[Round "10.3"]
[White "Dell'Unto, Anthony"]
[Black "Careil, Maxime"]
[Result "0-1"]
[WhiteElo "1730"]
[BlackElo "1639"]
[PlyCount "90"]

1. f4 d5 2. Nf3 Nf6 3. b3 c5 4. Bb2 Nc6 5. e3 e6 6. Bb5 Bd6 7. c4 O-O 8. Nc3
Bd7 9. cxd5 exd5 10. O-O Qb6 11. Ne5 Bxe5 12. fxe5 Nxe5 13. Bxd7 Nexd7 14. Na4
Qd6 15. d4 c4 16. bxc4 dxc4 17. Qc1 Ng4 18. Rf4 Qe6 19. e4 b5 20. d5 Qg6 21.
Qd1 Nh6 22. Nc3 b4 23. Nb5 c3 24. Bc1 Qb6+ 25. Nd4 Rfe8 26. Be3 Qg6 27. Qf3 Nc5
28. Nf5 Nxf5 29. exf5 Qd6 30. f6 Nd3 31. Rg4 g6 32. Qh3 Qxf6 33. Bd4 Ne5 34.
Re4 Qd6 35. Rae1 f6 36. g4 Re7 37. g5 Rae8 38. gxf6 Qxf6 39. Rxe5 Rxe5 40. Rxe5
Rxe5 41. Qc8+ Kf7 42. Bxe5 Qxe5 43. Qc4 Qd6 44. Kf1 Ke7 45. Qh4+ Qf6+ 0-1

[Event "Championnat de France - Open C"]
[Site "Nimes"]
[Date "2009.08.22"]
[Round "10.4"]
[White "Baroudel, Hadrien"]
[Black "Pouchon, Joffrey"]
[Result "0-1"]
[WhiteElo "1709"]
[BlackElo "1798"]
[PlyCount "80"]

1. e4 e6 2. d4 d5 3. Nc3 Nf6 4. e5 Nfd7 5. f4 g6 6. Nf3 Be7 7. Be3 b6 8. Qd2
Bb7 9. O-O-O c5 10. g4 h5 11. gxh5 Rxh5 12. Be2 Rh8 13. h4 Nc6 14. h5 gxh5 15.
Rh2 a6 16. Rdh1 Qc7 17. f5 cxd4 18. Nxd4 Nxd4 19. Bxd4 O-O-O 20. fxe6 fxe6 21.
Rxh5 Rxh5 22. Rxh5 Rg8 23. Qh6 Nf8 24. Bd3 Bc5 25. Ne2 Qg7 26. Qxg7 Rxg7 27.
Rh8 Rf7 28. Kd2 Kc7 29. Ke3 Nd7 30. Rh5 a5 31. a4 Bc6 32. b3 Nf8 33. Rh6 Kd7
34. Ng3 Ke7 35. c3 Be8 36. Nh5 Nd7 37. Ke2 Kd8 38. Rh7 Rxh7 39. Bxh7 Bxh5+ 40.
Ke3 Nxe5 0-1

[Event "Championnat de France - Open C"]
[Site "Nimes"]
[Date "2009.08.22"]
[Round "10.5"]
[White "Germond, Thierry"]
[Black "Heng, Jim"]
[Result "0-1"]
[WhiteElo "1762"]
[BlackElo "1675"]
[PlyCount "60"]

1. d4 Nf6 2. c4 e6 3. g3 c5 4. Nf3 b6 5. Bg2 Bb7 6. O-O Be7 7. Nc3 Ne4 8. Nxe4
Bxe4 9. d5 exd5 10. cxd5 O-O 11. Nd2 Bxg2 12. Kxg2 d6 13. e4 Nd7 14. Qc2 g6 15.
b3 Bf6 16. Bb2 Bxb2 17. Qxb2 b5 18. a4 bxa4 19. Rxa4 Nb6 20. Ra6 f5 21. f3 fxe4
22. fxe4 Rxf1 23. Nxf1 Qe7 24. Nd2 Nxd5 25. Nc4 Qxe4+ 26. Kg1 Qe1+ 27. Kg2 Rf8
28. Ra1 Ne3+ 29. Nxe3 Qxe3 30. Ra2 Qf3+ 0-1

[Event "Championnat de France - Open C"]
[Site "Nimes"]
[Date "2009.08.22"]
[Round "10.6"]
[White "Timmermans, Eric"]
[Black "Cepisul, Kenny"]
[Result "1-0"]
[WhiteElo "1784"]
[BlackElo "1720"]
[PlyCount "57"]

1. e4 d5 2. exd5 Nf6 3. d4 Nxd5 4. c4 Nb4 5. Nf3 Bf5 6. Na3 e6 7. Be2 Be7 8.
O-O O-O 9. Qb3 c5 10. Be3 Qb6 11. Rfd1 N8c6 12. Rd2 Rfd8 13. Rad1 Na5 14. Qa4
Rdc8 15. Ne5 Na6 16. Nb5 Nc6 17. Nd7 Qa5 18. Qxa5 Nxa5 19. Nxc5 Nxc5 20. dxc5
h6 21. b4 Nc6 22. Rd7 b6 23. Bf3 Bf8 24. Bxc6 Rxc6 25. Nxa7 Rxa7 26. Rxa7 Rc8
27. Rdd7 Bg6 28. a4 bxc5 29. b5 1-0

[Event "Championnat de France - Open C"]
[Site "Nimes"]
[Date "2009.08.22"]
[Round "10.7"]
[White "Julien, Clement"]
[Black "Lagache, Yves"]
[Result "1-0"]
[WhiteElo "1770"]
[BlackElo "1734"]
[PlyCount "95"]

1. e4 Nf6 2. e5 Nd5 3. c4 Nb6 4. c5 Nd5 5. Nc3 Nxc3 6. dxc3 e6 7. Qg4 g6 8. Bg5
Be7 9. f4 h5 10. Qh4 Bxg5 11. Qxg5 Qxg5 12. fxg5 Nc6 13. Nf3 b6 14. b4 bxc5 15.
bxc5 Rb8 16. Bd3 Bb7 17. O-O Ke7 18. Bb5 Na5 19. Nd4 Bd5 20. Rf2 Nc4 21. Re1 c6
22. Bxc4 Bxc4 23. h3 Rb7 24. Re4 Rb1+ 25. Kh2 Bd5 26. Ref4 Rf8 27. c4 Bxc4 28.
Nxc6+ dxc6 29. Rxc4 Rb7 30. Rcf4 Kd8 31. Rf6 Re7 32. Rxg6 fxg6 33. Rxf8+ Kd7
34. Rg8 Rf7 35. Rxg6 Rf5 36. h4 Rxe5 37. Rg7+ Ke8 38. Rxa7 Rxc5 39. g6 Kf8 40.
Rh7 Re5 41. g4 hxg4 42. h5 Re2+ 43. Kg3 Rxa2 44. h6 Kg8 45. Rc7 Ra3+ 46. Kxg4
Ra4+ 47. Kg5 Ra5+ 48. Kf6 1-0

[Event "Championnat de France - Open C"]
[Site "Nimes"]
[Date "2009.08.22"]
[Round "10.8"]
[White "Kouatly, Sami"]
[Black "Ginovart, Axel"]
[Result "1-0"]
[WhiteElo "1747"]
[BlackElo "1710"]
[PlyCount "67"]

1. e4 c5 2. Nf3 Nc6 3. d4 cxd4 4. Nxd4 Nf6 5. Nc3 d6 6. Be3 e6 7. Qd2 Be7 8.
O-O-O a6 9. h3 Nxd4 10. Bxd4 b5 11. a3 Bb7 12. Bd3 O-O 13. f4 a5 14. Bxf6 Bxf6
15. Nxb5 Qb6 16. Qe2 Rab8 17. Rhf1 a4 18. e5 dxe5 19. fxe5 Bg5+ 20. Kb1 Ba6 21.
c4 Bxb5 22. cxb5 Kh8 23. Qh5 h6 24. Rxf7 Rxf7 25. Qxf7 Rd8 26. Qg6 Kg8 27. Qh7+
Kf8 28. Rf1+ Ke8 29. Qxg7 Be7 30. Rd1 Rd7 31. Qg8+ Bf8 32. Bg6+ Kd8 33. Qxf8+
Kc7 34. Rc1+ 1-0

[Event "Championnat de France - Open C"]
[Site "Nimes"]
[Date "2009.08.22"]
[Round "10.9"]
[White "Lemaire, Olivier"]
[Black "Noireaut, Hung"]
[Result "1-0"]
[WhiteElo "1710"]
[BlackElo "1746"]
[PlyCount "127"]

1. d4 d5 2. Bf4 e6 3. e3 Nf6 4. Nd2 c5 5. c3 Nc6 6. Ngf3 Bd6 7. Bg5 O-O 8. Bd3
cxd4 9. exd4 Be7 10. O-O Bd7 11. Ne5 a6 12. Qe2 b5 13. a3 Na5 14. h3 Nc4 15.
Ndxc4 dxc4 16. Bc2 Qb6 17. Bh4 Bc6 18. Bxf6 Bxf6 19. Nxc6 Qxc6 20. Be4 Qd6 21.
Bxa8 Rxa8 22. Qe4 Rb8 23. f4 g6 24. Rad1 Bg7 25. Rfe1 Rd8 26. d5 exd5 27. Qe7
h6 28. Qxd6 Rxd6 29. Re8+ Kh7 30. Kf1 Bf6 31. Re2 d4 32. cxd4 Rxd4 33. Rxd4
Bxd4 34. Ke1 Kg7 35. Kd1 Kf6 36. Rd2 Bc5 37. Rd5 Be7 38. Kc2 Ke6 39. Re5+ Kd6
40. a4 f6 41. Re1 Kd7 42. axb5 axb5 43. b3 cxb3+ 44. Kxb3 Ke8 45. Kc3 Kf7 46.
Kd4 f5 47. Kd5 b4 48. Rb1 Kf6 49. Ra1 Kf7 50. Ra6 Bf6 51. Kd6 Be7+ 52. Ke5 Bh4
53. Ra7+ Kf8 54. Rb7 h5 55. Rxb4 Kg7 56. Rb7+ Kh6 57. Ke6 Bg3 58. Kf7 Bxf4 59.
Rb6 h4 60. Rxg6+ Kh5 61. Kf6 Bd2 62. Kxf5 Be1 63. Rg8 Kh6 64. Kg4 1-0

[Event "Championnat de France - Open C"]
[Site "Nimes"]
[Date "2009.08.22"]
[Round "10.10"]
[White "Riccio, Ulysse"]
[Black "Peyre, Jean-Jacques"]
[Result "0-1"]
[WhiteElo "1650"]
[BlackElo "1778"]
[PlyCount "38"]

1. c4 Nf6 2. Nc3 g6 3. g3 Bg7 4. Bg2 O-O 5. b4 c6 6. e4 e5 7. Nge2 d6 8. d4
Nbd7 9. O-O Qc7 10. c5 exd4 11. Qxd4 dxc5 12. bxc5 Qa5 13. a4 Nd5 14. e5 Bxe5
15. Qg4 Nxc3 16. Nxc3 Qxc3 17. Bh6 Bg7 18. Rac1 Qf6 19. Bxg7 Qxg7 0-1

[Event "Championnat de France - Open C"]
[Site "Nimes"]
[Date "2009.08.22"]
[Round "11.1"]
[White "Careil, Maxime"]
[Black "Aumont, Alexandre"]
[Result "1/2-1/2"]
[WhiteElo "1639"]
[BlackElo "1722"]
[PlyCount "78"]

1. c4 e6 2. Nf3 Nf6 3. Nc3 d5 4. d4 Be7 5. Bg5 O-O 6. e3 c6 7. cxd5 exd5 8. Bd3
Nbd7 9. O-O Ne4 10. Bxe7 Qxe7 11. Re1 f5 12. Qc2 Rf6 13. Rac1 Nb6 14. Ne5 Be6
15. Ne2 Rh6 16. Nf4 Nd7 17. Nf3 Bf7 18. h3 g5 19. Ne2 g4 20. Bxe4 dxe4 21. Nd2
gxh3 22. g3 Nf6 23. Nf4 h2+ 24. Kg2 Ng4 25. Rh1 Bh5 26. Nxh5 Rxh5 27. Nf1 Qf7
28. b4 Rh6 29. Qc4 Qxc4 30. Rxc4 a5 31. bxa5 Rxa5 32. Rc2 c5 33. dxc5 Rha6 34.
Nxh2 Ne5 35. Rb1 Ra7 36. Rcb2 Nd3 37. Rxb7 Rxb7 38. Rxb7 Rxc5 39. g4 Rc2
1/2-1/2

[Event "Championnat de France - Open C"]
[Site "Nimes"]
[Date "2009.08.22"]
[Round "11.2"]
[White "Pouchon, Joffrey"]
[Black "Romero, Vladimir"]
[Result "1/2-1/2"]
[WhiteElo "1798"]
[BlackElo "1730"]
[PlyCount "58"]

1. d4 d5 2. Nf3 c5 3. c3 Nc6 4. dxc5 e6 5. b4 a5 6. b5 Na7 7. a4 Bxc5 8. Ba3
Bxa3 9. Nxa3 Bd7 10. e3 Nc8 11. Qd4 Nf6 12. Bd3 O-O 13. O-O Nd6 14. c4 Nde4 15.
Bxe4 Nxe4 16. cxd5 exd5 17. Qxd5 Nc3 18. Qd2 Nxa4 19. Rfd1 Nc5 20. Rac1 Nb3 21.
Qxd7 Qxd7 22. Rxd7 Nxc1 23. Rxb7 Ne2+ 24. Kf1 Nc3 25. Nd4 Nd5 26. Nc6 Nb4 27.
Ne7+ Kh8 28. Ke2 Rad8 29. Nc4 a4 1/2-1/2

[Event "Championnat de France - Open C"]
[Site "Nimes"]
[Date "2009.08.22"]
[Round "11.3"]
[White "Lancelot, Renaud"]
[Black "Heng, Jim"]
[Result "0-1"]
[WhiteElo "1710"]
[BlackElo "1675"]
[PlyCount "71"]

1. d4 Nf6 2. c4 g6 3. Nf3 Bg7 4. Bg5 O-O 5. e3 d6 6. Be2 Nbd7 7. Nc3 c6 8. O-O
Qe8 9. Qc2 e5 10. d5 c5 11. Nb5 Qe7 12. Nd2 a6 13. Qa4 Rb8 14. Nc3 h6 15. Bh4
g5 16. Bg3 Nh7 17. e4 Kh8 18. a3 Rg8 19. b4 Nhf8 20. f3 Ng6 21. Bf2 h5 22. bxc5
Nxc5 23. Bxc5 dxc5 24. Rab1 b6 25. Rb2 Bh6 26. Rfb1 g4 27. Nf1 Nf4 28. Rxb6
Rxb6 29. Rxb6 Qg5 30. Qc6 Nh3+ 31. gxh3 gxf3+ 32. Ng3 Qc1+ 33. Kf2 Qe3+ 34. Kf1
Bxh3+ 35. Ke1 Qd2+ 36. Kf2 0-1

[Event "Championnat de France - Open C"]
[Site "Nimes"]
[Date "2009.08.22"]
[Round "11.4"]
[White "Julien, Clement"]
[Black "Macon, Arthur"]
[Result "1-0"]
[WhiteElo "1770"]
[BlackElo "1791"]
[PlyCount "103"]

1. e4 c5 2. c3 g6 3. d4 cxd4 4. cxd4 d5 5. exd5 Nf6 6. Bb5+ Bd7 7. Bxd7+ Nbxd7
8. d6 exd6 9. Nc3 Bg7 10. Qe2+ Qe7 11. Qxe7+ Kxe7 12. Nf3 Rhe8 13. O-O a6 14.
Re1+ Kf8 15. Bf4 d5 16. Ne5 Nb6 17. h3 Rac8 18. Rac1 Nh5 19. Bh2 Bh6 20. Rc2 f6
21. Nf3 Rxe1+ 22. Nxe1 Bf4 23. Nd3 Bxh2+ 24. Kxh2 Ng7 25. Nc5 Rc7 26. Re2 Kf7
27. g4 Ne8 28. a4 a5 29. Nb5 Rc8 30. b3 Ng7 31. Nd6+ Kf8 32. Nxc8 Nxc8 33. Nxb7
Kf7 34. Nxa5 Nb6 35. Nc6 Ne6 36. a5 Nc8 37. a6 Nc7 38. a7 h6 39. b4 Kf8 40. b5
Nb6 41. Re7 Nca8 42. Rb7 Ke8 43. Rh7 Kf8 44. Nb8 Kg8 45. Rb7 Kf8 46. Nd7+ Nxd7
47. Rxd7 Ke8 48. Rb7 Kd8 49. Rb8+ Kc7 50. Rxa8 Kb7 51. Rf8 Kxa7 52. Rxf6 1-0

[Event "Championnat de France - Open C"]
[Site "Nimes"]
[Date "2009.08.22"]
[Round "11.5"]
[White "Kouatly, Sami"]
[Black "Timmermans, Eric"]
[Result "1-0"]
[WhiteElo "1747"]
[BlackElo "1784"]
[PlyCount "103"]

1. e4 Nf6 2. e5 Nd5 3. d4 d6 4. Nf3 Bg4 5. Be2 e6 6. O-O Be7 7. c4 Nb6 8. Be3
Nc6 9. exd6 cxd6 10. Nbd2 O-O 11. a3 a5 12. Qb3 a4 13. Qc2 Bf6 14. Bd3 h6 15.
h3 Bxf3 16. Nxf3 d5 17. c5 Nd7 18. Rfd1 Qa5 19. Nh2 Kh8 20. Be2 b6 21. Ng4 Bg5
22. Bxg5 hxg5 23. cxb6 Qxb6 24. Qd2 f5 25. Nh2 Nf6 26. Rab1 Ne4 27. Qe3 f4 28.
Qd3 e5 29. Nf3 Rfe8 30. Qb5 Rab8 31. Qxa4 exd4 32. Nxd4 Nxf2 33. Kxf2 Rbc8 34.
Kf1 Re4 35. Qb5 Qxb5 36. Nxb5 d4 37. Nd6 Rxe2 38. Kxe2 Rb8 39. b4 Ne5 40. Rxd4
Rf8 41. Rf1 Ra8 42. Rd5 Nc6 43. Ra1 Nxb4 44. Rxg5 Nc2 45. Rc1 Nd4+ 46. Kd3 Ne6
47. Rh5+ Kg8 48. Rc8+ Rxc8 49. Nxc8 f3 50. g3 g5 51. Ke3 Kg7 52. Kxf3 1-0

[Event "Championnat de France - Open C"]
[Site "Nimes"]
[Date "2009.08.22"]
[Round "11.6"]
[White "Peyre, Jean-Jacques"]
[Black "Lemaire, Olivier"]
[Result "0-1"]
[WhiteElo "1778"]
[BlackElo "1710"]
[PlyCount "50"]

1. c4 Nf6 2. Nc3 e5 3. d3 c6 4. Nf3 d6 5. g3 g6 6. Bg2 Bg7 7. O-O O-O 8. Bg5 h6
9. Bd2 Be6 10. Rb1 Ne8 11. e4 Qc8 12. Qc1 Kh7 13. Ne1 f5 14. Ne2 Nd7 15. b4 a6
16. Bc3 Nc7 17. f4 d5 18. fxe5 dxe4 19. Nf4 exd3 20. Nxe6 Nxe6 21. Nxd3 Qc7 22.
Qb2 Rfe8 23. Rbe1 Rad8 24. Rf2 Nb6 25. Qe2 Nxc4 0-1

[Event "Championnat de France - Open C"]
[Site "Nimes"]
[Date "2009.08.22"]
[Round "11.7"]
[White "Testa, Stephane"]
[Black "Baroudel, Hadrien"]
[Result "0-1"]
[WhiteElo "1761"]
[BlackElo "1709"]
[PlyCount "116"]

1. e4 e5 2. Nf3 Nc6 3. Bc4 Bc5 4. c3 Nf6 5. d4 exd4 6. cxd4 Bb4+ 7. Bd2 Bxd2+
8. Nbxd2 d5 9. exd5 Nxd5 10. Qb3 Nce7 11. O-O O-O 12. Ne5 c6 13. Rfe1 Qb6 14.
Qxb6 axb6 15. Ne4 Rd8 16. Rad1 f6 17. Nf3 Bg4 18. Nxf6+ gxf6 19. Rxe7 Rd7 20.
Rxd7 Bxd7 21. Re1 Kf7 22. Nd2 f5 23. Nf3 Kf6 24. Bxd5 cxd5 25. Ne5 Bb5 26. Ra1
Rc8 27. a4 Bxa4 28. h3 Bb5 29. Ra3 Rc1+ 30. Kh2 Bc6 31. Rc3 Rxc3 32. bxc3 f4
33. g4 fxg3+ 34. Kxg3 Kf5 35. f4 Bb5 36. Kf3 Bf1 37. h4 Bb5 38. Nf7 Bc6 39.
Nh6+ Kg6 40. Ng4 h5 41. Ne3 Kf6 42. f5 b5 43. Kf4 b6 44. Nc2 Ba8 45. Ne3 Bc6
46. Nc2 Ba8 47. Ne1 Bb7 48. Nd3 Bc8 49. Nb4 Bb7 50. Nc2 Ba8 51. Ne1 Bb7 52. Nd3
Bc8 53. Ne5 Bxf5 54. Nc6 Bd3 55. Na7 b4 56. cxb4 Ba6 57. Ke3 Kf5 58. Nc8 Bxc8
0-1